[Event "Rated Blitz game"]
[Site "?"]
[Date "2021.04.23"]
[Round "?"]
[White "user_silva2002"]
[Black "anjaya01"]
[Result "1-0"]
[WhiteElo "2402"]
[BlackElo "2433"]
[PlyCount "59"]
[EventDate "2021.??.??"]
[EventType "blitz"]

1. e4 e5 2. Nf3 d5 3. Nc3 Bd6 4. Nxd5 f5 5. d3 f4 6. d4 exd4 7. Qxd4 Nf6 8.
Nxf6+ Qxf6 9. e5 Qe7 10. Bxf4 Nc6 11. Bb5 Bc5 12. Qe4 Bd7 13. O-O-O h6 14. Qg6+
Kf8 15. Rhe1 Be6 16. Bg3 Re8 17. Bh4 Qf7 18. Qe4 g5 19. Bxc6 bxc6 20. Qxc6 Bb4
21. Re4 Ba5 22. Nxg5 hxg5 23. Bxg5 Qg6 24. Rf4+ Kg8 25. h4 Bb6 26. Rf6 Qh5 27.
Rxe6 Rxe6 28. Qxe6+ Qf7 29. Rd8+ Kg7 30. Rd7 {Normal} 1-0

[Event "Rated Blitz game"]
[Site "?"]
[Date "2021.04.23"]
[Round "?"]
[White "donaldduk"]
[Black "KamranShirazi"]
[Result "0-1"]
[WhiteElo "2299"]
[BlackElo "2495"]
[PlyCount "44"]
[EventDate "2021.??.??"]
[EventType "blitz"]

1. e4 e5 2. Nf3 d5 3. exd5 e4 4. Qe2 Nf6 5. d3 Bb4+ 6. Bd2 O-O 7. Bxb4 exf3 8.
Qxf3 Re8+ 9. Kd2 Nxd5 10. Bc5 Nc6 11. c3 Ne5 12. Qg3 b6 13. Bd4 Ng6 14. h4 c5
15. h5 cxd4 16. hxg6 dxc3+ 17. bxc3 fxg6 18. Be2 h6 19. Bf3 Bf5 20. d4 Nxc3 21.
Bxa8 Qxd4+ 22. Kc1 Ne2# {Normal} 0-1

[Event "Rated Rapid game"]
[Site "?"]
[Date "2021.04.23"]
[Round "?"]
[White "moustruito"]
[Black "Bauneuide"]
[Result "1-0"]
[WhiteElo "2304"]
[BlackElo "2419"]
[PlyCount "115"]
[EventDate "2021.??.??"]
[EventType "rapid"]

1. e4 e5 2. Nf3 d5 3. Nxe5 dxe4 4. d4 exd3 5. Bxd3 Nd7 6. Qe2 Qe7 7. Nxd7 Qxe2+
8. Bxe2 Bxd7 9. O-O O-O-O 10. Bc4 Bd6 11. Bxf7 Nf6 12. Bg5 Rhf8 13. Bb3 b5 14.
Nc3 h6 15. Bxf6 gxf6 16. Ne4 Be5 17. c3 Rfe8 18. Nc5 Bd6 19. Nxd7 Rxd7 20. Rae1
Rde7 21. Rxe7 Bxe7 22. Re1 c6 23. Bf7 Rd8 24. g3 Bd6 25. Re6 Kd7 26. Rxf6 Ke7
27. Rf3 Rf8 28. Bh5 Rxf3 29. Bxf3 c5 30. Bd5 Be5 31. Bc6 a6 32. Bb7 b4 33. cxb4
cxb4 34. Bxa6 Bxb2 35. Bc4 Kd6 36. Kg2 Kc5 37. Bb3 Kd4 38. f4 Ke3 39. Kh3 Ke4
40. Bc2+ Kf3 41. Bd1+ Kf2 42. Kg4 Kg2 43. h4 h5+ 44. Kxh5 Kxg3 45. Kg5 Bd4 46.
f5 Be3+ 47. Kh5 Bd4 48. Kg6 Kxh4 49. f6 Kg3 50. f7 Bc5 51. Kg7 Kf4 52. f8=Q+
Bxf8+ 53. Kxf8 Ke5 54. Ke7 Kd5 55. Bb3+ Kc5 56. Ke6 Kb5 57. Kd5 Ka5 58. Kc5 {
Normal} 1-0

[Event "Rated Blitz game"]
[Site "?"]
[Date "2021.04.23"]
[Round "?"]
[White "sina_iran"]
[Black "KamranShirazi"]
[Result "1-0"]
[WhiteElo "2652"]
[BlackElo "2507"]
[PlyCount "63"]
[EventDate "2021.??.??"]
[EventType "blitz"]

1. e4 e5 2. Nf3 d5 3. Qe2 dxe4 4. Qxe4 Nf6 5. Qxe5+ Be7 6. Bc4 O-O 7. O-O Nc6
8. Qg3 Ne4 9. Qf4 Nd6 10. Bb3 Kh8 11. Nc3 f5 12. d4 h6 13. Ne5 Nxe5 14. dxe5
Ne4 15. Nxe4 fxe4 16. Qxe4 Bf5 17. Qxb7 Bc5 18. Be3 Bxe3 19. fxe3 Qg5 20. Qf3
Rae8 21. e4 Bd7 22. Qg3 Rxf1+ 23. Rxf1 Qe7 24. Rf7 Qc5+ 25. Kh1 Bg4 26. Qxg4
Qxe5 27. h3 Qxb2 28. Qf5 Qc1+ 29. Kh2 Qa3 30. Qg6 Rg8 31. Rxc7 Qd6+ 32. Qxd6 {
Normal} 1-0

[Event "Rated Blitz game"]
[Site "?"]
[Date "2021.04.23"]
[Round "?"]
[White "ViberChess-BRYoutube"]
[Black "Slimslik02"]
[Result "1-0"]
[WhiteElo "2492"]
[BlackElo "2322"]
[PlyCount "53"]
[EventDate "2021.??.??"]
[EventType "blitz"]

1. e4 e5 2. Nf3 d5 3. exd5 e4 4. Qe2 Nf6 5. d3 Bb4+ 6. Bd2 Bxd2+ 7. Nbxd2 O-O
8. Nxe4 Nxd5 9. O-O-O Re8 10. Qd2 Bf5 11. Nd4 Bg6 12. h4 Nb6 13. Nb5 a6 14.
Nbc3 Nc6 15. h5 Bf5 16. g4 Bxg4 17. Be2 Bf5 18. Rdg1 Nd4 19. Bd1 Re6 20. Ng3
Qf6 21. Nxf5 Nxf5 22. Ne4 Qe5 23. Bg4 Rd8 24. Qg5 Na4 25. Bxf5 Qxb2+ 26. Kd2
Rxe4 27. Qxd8+ {Normal} 1-0

[Event "Rated Blitz game"]
[Site "?"]
[Date "2021.04.23"]
[Round "?"]
[White "YSA_kbpl"]
[Black "Slimslik02"]
[Result "1-0"]
[WhiteElo "2407"]
[BlackElo "2345"]
[PlyCount "107"]
[EventDate "2021.??.??"]
[EventType "blitz"]

1. e4 e5 2. Nf3 d5 3. d4 dxe4 4. Nxe5 Bd6 5. Qh5 Qe7 6. Bc4 Bxe5 7. dxe5 Be6 8.
Qe2 Nc6 9. Bb5 Qc5 10. Nc3 O-O-O 11. Bxc6 Qxc6 12. Qxe4 Qxe4+ 13. Nxe4 Bd5 14.
Ng5 h6 15. Nf3 Ne7 16. Bf4 Ng6 17. Bg3 Rhe8 18. O-O-O Bxf3 19. gxf3 Rxd1+ 20.
Rxd1 Nxe5 21. Bxe5 Rxe5 22. Rg1 g6 23. Kd2 Kd7 24. f4 Rd5+ 25. Ke3 Ke6 26. c4
Rd6 27. c5 Rd5 28. b4 b6 29. cxb6 axb6 30. Rc1 c5 31. bxc5 bxc5 32. a4 Kd6 33.
Rb1 Rd4 34. a5 Ra4 35. Rb6+ Kd5 36. a6 c4 37. Rf6 Ra3+ 38. Ke2 c3 39. Kd3 c2+
40. Kxc2 Kc4 41. Kb2 Ra5 42. Kc2 Kd4 43. Kd2 Ke4 44. Kc3 Kf3 45. Kb4 Ra1 46.
Kb5 Rb1+ 47. Kc6 Ra1 48. Kb7 Kxf2 49. a7 Kg2 50. Ra6 Rb1+ 51. Kc7 Rc1+ 52. Kd7
Rd1+ 53. Ke7 Re1+ 54. Kxf7 {Normal} 1-0

[Event "Rated Blitz game"]
[Site "?"]
[Date "2021.04.23"]
[Round "?"]
[White "Penera_marc"]
[Black "DarthZannah"]
[Result "0-1"]
[WhiteElo "2364"]
[BlackElo "2502"]
[PlyCount "148"]
[EventDate "2021.??.??"]
[EventType "blitz"]

1. e4 e5 2. Nf3 d5 3. Nxe5 dxe4 4. Bc4 Qg5 5. d4 Qxg2 6. Rf1 Be6 7. Bxe6 fxe6
8. Nc3 Nf6 9. Be3 c6 10. Qe2 Nbd7 11. O-O-O O-O-O 12. Qc4 Qxh2 13. Qxe6 Qh5 14.
Nf7 Re8 15. Qb3 Rg8 16. Rh1 Qa5 17. d5 c5 18. d6 Qb4 19. Ng5 Qxb3 20. axb3 h6
21. Nh3 g5 22. Rd2 a6 23. Rhd1 b6 24. Ne2 Kb7 25. Ng3 Kc6 26. Nf5 Re5 27. Ne7+
Bxe7 28. dxe7 Rxe7 29. Rd6+ Kc7 30. Ng1 Ng4 31. Ne2 Nxe3 32. fxe3 h5 33. Ng3
Rh7 34. Nf5 h4 35. Rg1 h3 36. Re6 h2 37. Rh1 Rf8 38. Ng3 Rf3 39. Nxe4 Rxe3 40.
Nxg5 Rxe6 41. Nxe6+ Kd6 42. Ng5 Rh5 43. Nf3 Rh3 44. Ng5 Rh5 45. Nf3 Rf5 46.
Nxh2 Rh5 47. Rd1+ Kc6 48. Nf3 Rf5 49. Nh4 Rf2 50. Ng6 b5 51. Ne7+ Kc7 52. Nd5+
Kb7 53. Nc3 Ne5 54. Re1 Nf3 55. Rd1 Nd4 56. Rd2 Rf1+ 57. Nd1 Kc6 58. Rh2 b4 59.
Rf2 Rxf2 60. Nxf2 Kb5 61. Ne4 a5 62. Nd6+ Ka6 63. Ne4 Ne6 64. Kd2 Kb5 65. Kd3
a4 66. Nd6+ Kc6 67. Nc4 axb3 68. Na5+ Kb5 69. Nb7 c4+ 70. Kd2 c3+ 71. Kc1 bxc2
72. Kxc2 Nd4+ 73. Kb1 c2+ 74. Kc1 b3 {Time forfeit} 0-1

[Event "Rated Blitz game"]
[Site "?"]
[Date "2021.04.23"]
[Round "?"]
[White "lederman"]
[Black "jsequera"]
[Result "0-1"]
[WhiteElo "2452"]
[BlackElo "2484"]
[PlyCount "114"]
[EventDate "2021.??.??"]
[EventType "blitz"]

1. e4 e5 2. Nf3 d5 3. exd5 e4 4. Qe2 f5 5. d3 Nf6 6. Nbd2 Be7 7. dxe4 fxe4 8.
Nxe4 O-O 9. Nc3 Bg4 10. Be3 Nxd5 11. O-O-O c6 12. Qc4 Be6 13. Qe4 Qc8 14. Bc4
Na6 15. Nxd5 cxd5 16. Bxd5 Bxd5 17. Qxd5+ Kh8 18. Qd7 Nb4 19. Qxc8 Raxc8 20. c3
a5 21. Kb1 Nc6 22. Rd7 b5 23. Rhd1 b4 24. Nd4 Bf6 25. Nxc6 Rxc6 26. Bd4 bxc3
27. bxc3 Bxd4 28. R1xd4 Rxc3 29. Rd8 Kg8 30. Kb2 Rc5 31. Rxf8+ Kxf8 32. Kb3 Ke7
33. f4 Ke6 34. g4 h5 35. h3 g6 36. a4 Rc1 37. Rd3 Rf1 38. Re3+ Kf6 39. Re5 Rxf4
40. Rxa5 Rf3+ 41. Kb4 h4 42. Ra8 Rxh3 43. Rh8 Kg5 44. a5 Kxg4 45. a6 Rh1 46. a7
Rb1+ 47. Kc3 Ra1 48. a8=Q Rxa8 49. Rxa8 h3 50. Kd3 g5 51. Ke3 Kg3 52. Rh8 g4
53. Rh5 h2 54. Ke2 Kg2 55. Ke3 g3 56. Rh4 h1=Q 57. Rxh1 Kxh1 {Normal} 0-1

[Event "Rated Blitz game"]
[Site "?"]
[Date "2021.04.23"]
[Round "?"]
[White "kc6"]
[Black "Akbas_Kaan"]
[Result "0-1"]
[WhiteElo "2536"]
[BlackElo "2395"]
[PlyCount "98"]
[EventDate "2021.??.??"]
[EventType "blitz"]

1. e4 e5 2. Nf3 d5 3. exd5 e4 4. Qe2 Nf6 5. d3 Qxd5 6. Nfd2 Be7 7. dxe4 Qe6 8.
Qc4 Nc6 9. Qxe6 Bxe6 10. Bb5 O-O-O 11. Bxc6 bxc6 12. Nc3 Bb4 13. f3 Nh5 14. g4
Nf4 15. Nb3 g5 16. Bxf4 gxf4 17. Rd1 h5 18. Rxd8+ Kxd8 19. g5 h4 20. Nd4 Kd7
21. a3 Be7 22. b4 Bxg5 23. Na4 Be7 24. Rg1 h3 25. Nc5+ Bxc5 26. bxc5 Rb8 27.
Kd2 Rb2 28. Rg7 Rb1 29. Nxe6 Kxe6 30. Rh7 Ra1 31. Rxh3 Rxa3 32. Rh6+ f6 33. h4
Rxf3 34. Rh7 Rh3 35. Rxc7 Rxh4 36. Rxc6+ Ke5 37. Rc8 Kxe4 38. Re8+ Kd5 39. Rf8
Kxc5 40. Rxf6 a5 41. Kc3 Rh3+ 42. Kb2 Rf3 43. Rf5+ Kb4 44. Rf8 Ka4 45. Rb8 Rf1
46. Rf8 f3 47. Kc3 f2 48. Rf3 Ka3 49. Kc4+ Kb2 {Time forfeit} 0-1

[Event "Rated Rapid game"]
[Site "?"]
[Date "2021.04.23"]
[Round "?"]
[White "abdulqayyum"]
[Black "Bauneuide"]
[Result "1-0"]
[WhiteElo "2371"]
[BlackElo "2441"]
[PlyCount "105"]
[EventDate "2021.??.??"]
[EventType "rapid"]

1. e4 e5 2. Nf3 d5 3. exd5 Qxd5 4. Nc3 Qe6 5. d3 Nc6 6. Be2 h6 7. O-O Nf6 8.
Re1 Bc5 9. Bf1 Ng4 10. Ne4 Bb6 11. h3 Nf6 12. Bd2 Bd7 13. Bc3 Nxe4 14. Rxe4 O-O
15. Nxe5 Nxe5 16. Rxe5 Qd6 17. Qf3 c6 18. Qg3 Be6 19. Qxg7+ Kxg7 20. Rxe6+ Qd4
21. Re4 Qxc3 22. bxc3 Rfe8 23. Rae1 Kf8 24. Rxe8+ Rxe8 25. Rxe8+ Kxe8 26. g4
Ba5 27. c4 Bc3 28. Kg2 a5 29. f4 b5 30. cxb5 cxb5 31. Kf3 b4 32. Ke4 a4 33. d4
Kd8 34. Bb5 f6 35. Bxa4 Be1 36. Bb3 Bg3 37. Kf5 Kc7 38. Kxf6 Bxf4 39. Ke6 Bg3
40. d5 Kc8 41. d6 Kb7 42. Ke7 Kc6 43. d7 Bh4+ 44. Ke8 Kc7 45. Ba4 Bf6 46. Kf7
Bh4 47. Kg6 Bg5 48. h4 Bxh4 49. Kxh6 Be1 50. g5 Bd2 51. Kg6 Be3 52. Kf6 b3 53.
axb3 {Normal} 1-0

[Event "Rated Blitz game"]
[Site "?"]
[Date "2021.04.23"]
[Round "?"]
[White "pinknode"]
[Black "Rusert"]
[Result "0-1"]
[WhiteElo "2374"]
[BlackElo "2472"]
[PlyCount "40"]
[EventDate "2021.??.??"]
[EventType "blitz"]

1. e4 e5 2. Nf3 d5 3. exd5 e4 4. Qe2 Nf6 5. Nc3 Be7 6. Nxe4 O-O 7. d3 Re8 8.
Be3 Nxd5 9. O-O-O f5 10. Ne5 Nxe3 11. fxe3 fxe4 12. dxe4 Bd6 13. Nc4 Rxe4 14.
Nxd6 cxd6 15. Qb5 Rxe3 16. Bc4+ Kh8 17. Rhe1 Rxe1 18. Rxe1 Nc6 19. Qh5 Ne5 20.
Bd3 Nxd3+ {Normal} 0-1

[Event "Rated Blitz game"]
[Site "?"]
[Date "2021.04.23"]
[Round "?"]
[White "Dfzin"]
[Black "Rusert"]
[Result "0-1"]
[WhiteElo "2319"]
[BlackElo "2496"]
[PlyCount "28"]
[EventDate "2021.??.??"]
[EventType "blitz"]

1. e4 e5 2. Nf3 d5 3. Nxe5 Bd6 4. d4 dxe4 5. Bc4 Bxe5 6. dxe5 Qxd1+ 7. Kxd1 Nc6
8. Nc3 Nxe5 9. Bb5+ c6 10. Be2 f5 11. Bf4 Ng6 12. Bc7 Be6 13. h4 Nf6 14. h5 Ne7
{Normal} 0-1

[Event "Rated Blitz game"]
[Site "?"]
[Date "2021.04.23"]
[Round "?"]
[White "sina_iran"]
[Black "KamranShirazi"]
[Result "1-0"]
[WhiteElo "2659"]
[BlackElo "2504"]
[PlyCount "107"]
[EventDate "2021.??.??"]
[EventType "blitz"]

1. e4 e5 2. Nf3 d5 3. Qe2 dxe4 4. Qxe4 Nf6 5. Qxe5+ Be7 6. Bc4 O-O 7. O-O Nc6
8. Qg3 Nh5 9. Qe5 Nxe5 10. Nxe5 Qd4 11. Re1 Bc5 12. Re2 Nf4 13. Re3 Qd6 14.
Nxf7 Rxf7 15. Re8+ Qf8 16. Bxf7+ Kxf7 17. Rxf8+ Kxf8 18. Nc3 Bd4 19. Kf1 Bd7
20. d3 g5 21. Be3 Bxc3 22. bxc3 Bc6 23. g3 Ne6 24. Re1 Kf7 25. c4 b5 26. cxb5
Bxb5 27. Rb1 Ba4 28. Rb2 a6 29. Ke2 Ke7 30. Kd2 Kd6 31. Rb4 Bb5 32. h4 h6 33.
hxg5 hxg5 34. Rg4 Rg8 35. f4 Bd7 36. f5 Nf8 37. Bxg5 Kd5 38. c4+ Kc6 39. Rh4
Rxg5 40. g4 Bxf5 41. gxf5 Rxf5 42. Ke3 Kb7 43. Rh6 Nd7 44. d4 Rf7 45. c5 c6 46.
Kd3 Nf6 47. Kc4 Nd5 48. Rh3 Rf2 49. Rb3+ Kc7 50. Kd3 Rxa2 51. Rb1 Ra4 52. Rf1
Ra3+ 53. Ke4 Re3+ 54. Kf5 {Time forfeit} 1-0

[Event "Rated Rapid game"]
[Site "?"]
[Date "2021.04.23"]
[Round "?"]
[White "Cocowawa"]
[Black "Delyvj"]
[Result "1-0"]
[WhiteElo "2449"]
[BlackElo "2365"]
[PlyCount "93"]
[EventDate "2021.??.??"]
[EventType "rapid"]

1. e4 e5 2. Nf3 d5 3. exd5 e4 4. Ng1 Qxd5 5. Nc3 Qe5 6. Qe2 f5 7. d3 Bb4 8. Bd2
Nc6 9. dxe4 Nd4 10. Qd3 fxe4 11. Qxe4 Nxc2+ 12. Kd1 Qxe4 13. Nxe4 Bxd2 14. Kxc2
Bh6 15. Bd3 Ne7 16. Ne2 b6 17. Nd4 Bd7 18. Rhe1 O-O 19. f3 Nf5 20. Nxf5 Bxf5
21. Rad1 Rad8 22. Kb1 g6 23. Bc2 Bg7 24. a3 h6 25. g4 Bc8 26. Rxd8 Rxd8 27. Rd1
Rxd1+ 28. Bxd1 Be6 29. b4 Kf7 30. Bc2 g5 31. Ng3 Be5 32. Be4 Bxg3 33. hxg3 Kf6
34. Kc2 Ke5 35. Kd3 c5 36. bxc5 bxc5 37. Ke3 Kd6 38. Bc2 Bd7 39. Bd1 Kd5 40. f4
c4 41. Bf3+ Kc5 42. Kd2 Kd4 43. f5 c3+ 44. Kc1 Ba4 45. Bd1 Bc6 46. Bb3 Ke5 47.
Bd1 {Time forfeit} 1-0

[Event "Rated Blitz game"]
[Site "?"]
[Date "2021.04.23"]
[Round "?"]
[White "ariosp"]
[Black "Rusert"]
[Result "0-1"]
[WhiteElo "2430"]
[BlackElo "2499"]
[PlyCount "60"]
[EventDate "2021.??.??"]
[EventType "blitz"]

1. e4 e5 2. Nf3 d5 3. exd5 e4 4. Ne5 Qxd5 5. d4 exd3 6. Nxd3 Nf6 7. Nc3 Qf5 8.
Be2 Nc6 9. O-O Bd6 10. Bf3 O-O 11. Bxc6 bxc6 12. h3 Rb8 13. Re1 c5 14. b3 Rd8
15. Qe2 Bb7 16. Qf1 Bc6 17. Be3 h5 18. Rad1 g5 19. Rd2 g4 20. h4 Nh7 21. Red1
Re8 22. Re1 Re6 23. Rde2 Rbe8 24. Bd2 Qf6 25. Rxe6 fxe6 26. Ne4 Qxh4 27. Nxd6
cxd6 28. Bf4 e5 29. Bh2 Qf6 30. Qe2 Ng5 {Time forfeit} 0-1

[Event "Rated Blitz game"]
[Site "?"]
[Date "2021.04.23"]
[Round "?"]
[White "hainana2011"]
[Black "blastol"]
[Result "1-0"]
[WhiteElo "2523"]
[BlackElo "2398"]
[PlyCount "99"]
[EventDate "2021.??.??"]
[EventType "blitz"]

1. e4 e5 2. Nf3 d5 3. Nxe5 Bd6 4. d4 dxe4 5. Nc4 f5 6. Nxd6+ Qxd6 7. Bc4 Nc6 8.
c3 Nf6 9. g3 Be6 10. Bf4 Qd7 11. Bxe6 Qxe6 12. Bxc7 Nd5 13. Bf4 Nxf4 14. gxf4
O-O-O 15. Qe2 Qd6 16. Qe3 g5 17. fxg5 f4 18. Qh3+ Kb8 19. Na3 e3 20. O-O-O Qd5
21. Kb1 e2 22. Rde1 Rde8 23. Nc2 Qxg5 24. Rhg1 Qb5 25. Qf3 Na5 26. Qxf4+ Ka8
27. Na3 Qd3+ 28. Ka1 Rhg8 29. Rxg8 Rxg8 30. Qc1 Re8 31. Qc2 Qf3 32. Qa4 Nc6 33.
Qc2 Qxf2 34. Qd2 Qxh2 35. Nc4 Qf2 36. d5 Nd8 37. d6 h5 38. d7 Re7 39. Nd6 h4
40. Nxb7 Kxb7 41. Qd5+ Kc7 42. Qc5+ Kxd7 43. Qxf2 Nc6 44. Rxe2 Ne5 45. Qf5+ Kd6
46. Qf6+ Re6 47. Qxh4 Nf3 48. Qg3+ Ne5 49. b3 Kd5 50. Kb2 {Time forfeit} 1-0

[Event "Rated Blitz game"]
[Site "?"]
[Date "2021.04.23"]
[Round "?"]
[White "HorstBrack"]
[Black "batasjon"]
[Result "1/2-1/2"]
[WhiteElo "2482"]
[BlackElo "2359"]
[PlyCount "123"]
[EventDate "2021.??.??"]
[EventType "blitz"]

1. e4 e5 2. Nf3 d5 3. exd5 e4 4. Qe2 Nf6 5. d3 Qxd5 6. Nc3 Bb4 7. Bd2 Bxc3 8.
Bxc3 O-O 9. Nd2 exd3 10. Qxd3 Re8+ 11. Be2 Bf5 12. Qxd5 Nxd5 13. Kd1 Bxc2+ 14.
Kxc2 Rxe2 15. Rhe1 Nxc3 16. Kxc3 Rxe1 17. Rxe1 Nc6 18. Nc4 Kf8 19. b4 a6 20. a4
Rd8 21. b5 axb5 22. axb5 Ne7 23. Ra1 c6 24. b6 Nc8 25. Ra8 Ke7 26. Rb8 Nd6 27.
Rxd8 Nb5+ 28. Kb4 Kxd8 29. Kc5 Kd7 30. Ne5+ Ke6 31. f4 f6 32. Nc4 g6 33. g4 h5
34. f5+ gxf5 35. gxh5 f4 36. h6 Kf7 37. h7 Kg7 38. Na5 f3 39. Nxb7 f2 40. Nd6
f1=Q 41. b7 Qc1+ 42. Kb6 Nxd6 43. h8=Q+ Kxh8 44. b8=Q+ Kg7 45. Qxd6 Qb2+ 46.
Kxc6 Qc3+ 47. Kd7 Qh3+ 48. Ke7 Qe3+ 49. Kd7 Qa7+ 50. Ke6 Qf7+ 51. Kf5 Qh5+ 52.
Ke4 Qe2+ 53. Kd5 Qd2+ 54. Ke6 Qxd6+ 55. Kxd6 Kg6 56. Kd5 Kg5 57. Ke4 Kg4 58.
Ke3 f5 59. Kf2 Kh3 60. Kf3 Kxh2 61. Kf4 Kh3 62. Kxf5 {Normal} 1/2-1/2

[Event "Rated Blitz game"]
[Site "?"]
[Date "2021.04.23"]
[Round "?"]
[White "Snappppp"]
[Black "Artem_Ry"]
[Result "1-0"]
[WhiteElo "2418"]
[BlackElo "2273"]
[PlyCount "91"]
[EventDate "2021.??.??"]
[EventType "blitz"]

1. e4 e5 2. Nf3 d5 3. d4 dxe4 4. Nxe5 Bd6 5. Nc4 Nf6 6. Nxd6+ Qxd6 7. c4 O-O 8.
Nc3 c6 9. Be3 Bg4 10. Be2 Bxe2 11. Qxe2 Nbd7 12. O-O Qe6 13. b3 h6 14. Rad1
Rfe8 15. h3 Nf8 16. Rfe1 Qf5 17. d5 cxd5 18. Nxd5 Nxd5 19. Rxd5 Qg6 20. Qg4 a6
21. Red1 Re6 22. Qxg6 Nxg6 23. Rd7 b5 24. c5 Ne5 25. Rd8+ Rxd8 26. Rxd8+ Kh7
27. Bf4 Nc6 28. Ra8 Nd4 29. Bd6 Nf5 30. Rxa6 Nxd6 31. Rxd6 Re5 32. b4 f5 33.
Rb6 Rd5 34. Rxb5 f4 35. Rb6 Rd1+ 36. Kh2 e3 37. fxe3 fxe3 38. Re6 Rd4 39. a3
Rd3 40. a4 Rd4 41. b5 Rxa4 42. Rxe3 Ra5 43. Rb3 Ra8 44. b6 Rb8 45. b7 Kg6 46.
c6 {Normal} 1-0

[Event "Rated Blitz game"]
[Site "?"]
[Date "2021.04.23"]
[Round "?"]
[White "Litke76"]
[Black "anjaya01"]
[Result "0-1"]
[WhiteElo "2449"]
[BlackElo "2422"]
[PlyCount "92"]
[EventDate "2021.??.??"]
[EventType "blitz"]

1. e4 e5 2. Nf3 d5 3. exd5 Bd6 4. Nc3 f5 5. d4 e4 6. Ne5 Nf6 7. Bb5+ Kf8 8. O-O
a6 9. Be2 b5 10. f3 b4 11. Na4 exf3 12. Bxf3 Nbd7 13. Re1 Kg8 14. Bf4 Bb7 15.
c4 bxc3 16. Nxc3 Nb6 17. Qb3 h6 18. h3 g5 19. Bh2 Kg7 20. Rad1 h5 21. Nc6 Qg8
22. Qc2 Bxc6 23. Bxd6 cxd6 24. dxc6 g4 25. Qxf5 Rf8 26. Be2 gxh3 27. Bd3 Kh6
28. Re2 h2+ 29. Kh1 Qg5 30. Qxg5+ Kxg5 31. Rf1 Nbd5 32. Rf5+ Kh6 33. Nxd5 Ng4
34. Rxf8 Rxf8 35. Ne3 Nf2+ 36. Kxh2 Nxd3 37. c7 Rc8 38. Nd5 Nf4 39. Nxf4 Rxc7
40. Re6+ Kg5 41. Nd5 Rc2 42. Kg3 Rxg2+ 43. Kxg2 h4 44. Kf3 h3 45. Rxd6 h2 46.
Rxa6 h1=Q+ {Time forfeit} 0-1

[Event "Rated Blitz game"]
[Site "?"]
[Date "2021.04.23"]
[Round "?"]
[White "HENRYRETAMOZO"]
[Black "Bauneuide"]
[Result "0-1"]
[WhiteElo "2405"]
[BlackElo "2330"]
[PlyCount "53"]
[EventDate "2021.??.??"]
[EventType "blitz"]

1. e4 e5 2. Nf3 d5 3. exd5 Qxd5 4. Nc3 Qe6 5. Be2 c5 6. d3 Nf6 7. O-O h6 8. Re1
Nc6 9. Nb5 Nd5 10. d4 e4 11. Bc4 Ncb4 12. dxc5 Bxc5 13. Bxd5 Nxd5 14. c4 O-O
15. cxd5 Qg6 16. Ne5 Qb6 17. Rxe4 Bxf2+ 18. Kf1 Bc5 19. Nc3 Bg1 20. Qe2 f5 21.
Rh4 Re8 22. d6 Rxe5 23. Qc4+ Be6 24. Qf4 Rc8 25. Na4 Qa6+ 26. Kxg1 Re1+ 27. Kf2
{Normal} 0-1

[Event "Rated Blitz game"]
[Site "?"]
[Date "2021.04.23"]
[Round "?"]
[White "alidomat"]
[Black "anjaya01"]
[Result "1/2-1/2"]
[WhiteElo "2368"]
[BlackElo "2414"]
[PlyCount "110"]
[EventDate "2021.??.??"]
[EventType "blitz"]

1. e4 e5 2. Nf3 d5 3. d4 dxe4 4. Nxe5 Bd6 5. Bc4 Bxe5 6. dxe5 Qxd1+ 7. Kxd1 Nc6
8. Bf4 Bg4+ 9. Ke1 O-O-O 10. Nc3 Nge7 11. Bxf7 Rhf8 12. e6 Nd4 13. Rc1 b5 14.
Be5 Nec6 15. Bxg7 b4 16. Nxe4 Nxc2+ 17. Kf1 N6d4 18. f3 Ne3+ 19. Kf2 Nef5 20.
fxg4 Nxg7 21. Ke3 Ndxe6 22. Bxe6+ Nxe6 23. Rhf1 h6 24. Rxf8 Rxf8 25. h4 Nf4 26.
g3 Nd5+ 27. Kd4 Ne7 28. Rc5 Rf1 29. g5 hxg5 30. Rxg5 Kd7 31. h5 Rh1 32. g4 Rh4
33. Nc5+ Kd6 34. Ne4+ Kd7 35. Nf6+ Ke6 36. Ne8 c6 37. Ng7+ Kf6 38. Nf5 Kxg5 39.
Nxh4 Kxh4 40. h6 Ng6 41. h7 Kg5 42. Kc5 Kxg4 43. Kxc6 Kg5 44. Kb5 Kh6 45. Kxb4
Kxh7 46. Kc5 Kg7 47. Kc6 Kf7 48. Kb7 Ke6 49. Kxa7 Kd5 50. Kb6 Kc4 51. Ka5 Ne5
52. b4 Nc6+ 53. Ka4 Nxb4 54. a3 Nc2 55. Ka5 Nxa3 {Normal} 1/2-1/2

[Event "Rated Blitz game"]
[Site "?"]
[Date "2021.04.23"]
[Round "?"]
[White "RAHiM2887"]
[Black "GoughPhar"]
[Result "0-1"]
[WhiteElo "2301"]
[BlackElo "2404"]
[PlyCount "78"]
[EventDate "2021.??.??"]
[EventType "blitz"]

1. e4 e5 2. Nf3 d5 3. Nxe5 Bd6 4. d4 dxe4 5. Nc3 Nf6 6. Bc4 Bxe5 7. dxe5 Qxd1+
8. Nxd1 Ng4 9. Bf4 Nc6 10. Bd5 Ngxe5 11. Bxe4 O-O 12. O-O Be6 13. Ne3 Rad8 14.
Rfd1 f6 15. f3 g6 16. Kf2 Kf7 17. g4 Ke7 18. Nd5+ Bxd5 19. Bxd5 f5 20. g5 Rfe8
21. c4 Kf8 22. a3 a5 23. h4 Kg7 24. h5 gxh5 25. Rh1 Kg6 26. Rad1 Rd6 27. c5
Rdd8 28. Kg3 Re7 29. Rhe1 Rde8 30. b3 Kg7 31. Rd2 h4+ 32. Kg2 Ng6 33. Rxe7+
Rxe7 34. Bh2 h6 35. gxh6+ Kxh6 36. Kf2 Kg5 37. Re2 Rxe2+ 38. Kxe2 Nf4+ 39. Kf1
Nxd5 {Normal} 0-1

[Event "Rated Blitz game"]
[Site "?"]
[Date "2021.04.23"]
[Round "?"]
[White "donaldduk"]
[Black "KamranShirazi"]
[Result "0-1"]
[WhiteElo "2305"]
[BlackElo "2489"]
[PlyCount "66"]
[EventDate "2021.??.??"]
[EventType "blitz"]

1. e4 e5 2. Nf3 d5 3. Nxe5 Bd6 4. d4 dxe4 5. Nc4 Be7 6. Ne3 f5 7. c4 Nf6 8. Nc3
Nc6 9. Ncd5 f4 10. Nxf6+ Bxf6 11. Nd5 Bxd4 12. Bxf4 O-O 13. Qd2 Be6 14. Nxc7
Qd7 15. Nxa8 Rxf4 16. Qxf4 Bxb2 17. Rd1 Bc3+ 18. Rd2 Ne5 19. Be2 Nd3+ 20. Bxd3
Qxd3 21. Nc7 Qb1+ 22. Ke2 Bxc4+ 23. Ke3 Bxd2+ 24. Kxd2 Qd3+ 25. Kc1 Qc3+ 26.
Kd1 Qa1+ 27. Kd2 Qxa2+ 28. Kc3 Qb3+ 29. Kd4 Qd3+ 30. Kc5 Bf7 31. Rc1 Qa3+ 32.
Kd4 Qb2+ 33. Rc3 Qb4+ {Time forfeit} 0-1

[Event "Rated Blitz game"]
[Site "?"]
[Date "2021.04.23"]
[Round "?"]
[White "Dima1103"]
[Black "Rusert"]
[Result "1-0"]
[WhiteElo "2483"]
[BlackElo "2490"]
[PlyCount "47"]
[EventDate "2021.??.??"]
[EventType "blitz"]

1. e4 e5 2. Nf3 d5 3. exd5 e4 4. Qe2 Nf6 5. d3 Qxd5 6. Nc3 Bb4 7. Bd2 Bxc3 8.
Bxc3 O-O 9. Nd2 exd3 10. Qxd3 Re8+ 11. Be2 Qxg2 12. O-O-O Qxf2 13. Bf3 Nbd7 14.
Rhg1 Ne5 15. Bxe5 Rxe5 16. Ne4 Rxe4 17. Qxe4 Be6 18. Qxb7 Re8 19. Rdf1 Qe3+ 20.
Kb1 h6 21. Qxc7 Rc8 22. Qg3 g5 23. Bb7 Ne4 24. Qxe3 {Normal} 1-0

[Event "Rated Rapid game"]
[Site "?"]
[Date "2021.04.23"]
[Round "?"]
[White "Cocowawa"]
[Black "Phdchess50"]
[Result "1-0"]
[WhiteElo "2455"]
[BlackElo "2355"]
[PlyCount "31"]
[EventDate "2021.??.??"]
[EventType "rapid"]

1. e4 e5 2. Nf3 d5 3. Nc3 dxe4 4. Nxe4 Nc6 5. Bc4 Nf6 6. Neg5 Be6 7. Bxe6 fxe6
8. Nxe6 Qe7 9. Nxf8 Rxf8 10. d3 O-O-O 11. Qe2 e4 12. dxe4 Nxe4 13. O-O Nd4 14.
Nxd4 Rxd4 15. f3 Qc5 16. Be3 {Normal} 1-0

[Event "Rated Rapid game"]
[Site "?"]
[Date "2021.04.23"]
[Round "?"]
[White "lumpar"]
[Black "vazgenik"]
[Result "0-1"]
[WhiteElo "2244"]
[BlackElo "2436"]
[PlyCount "108"]
[EventDate "2021.??.??"]
[EventType "rapid"]

1. e4 e5 2. Nf3 d5 3. Nxe5 Bd6 4. d4 dxe4 5. Nc3 Bxe5 6. dxe5 Qxd1+ 7. Kxd1 Nc6
8. Bb5 Nge7 9. Nxe4 Bf5 10. Ng3 O-O-O+ 11. Bd2 Bxc2+ 12. Kxc2 Nd4+ 13. Kd1 Nxb5
14. Re1 Rd5 15. f4 Ng6 16. Ne4 Nxf4 17. a4 Nxg2 18. Re2 Nf4 19. axb5 Nxe2 20.
Kxe2 Rxe5 21. Kf3 Rf5+ 22. Bf4 Rxb5 23. Rxa7 Rb3+ 24. Be3 Kb8 25. Ra3 Rxa3 26.
bxa3 b6 27. Nc3 Kb7 28. Bf4 Rd8 29. Ke4 c5 30. Nb5 Kc6 31. a4 Re8+ 32. Kf3 Ra8
33. Nc3 Rd8 34. Ke2 f6 35. Be3 h6 36. h3 g5 37. h4 gxh4 38. Bxh6 Rd4 39. Kf2
Rg4 40. Ne2 Rxa4 41. Nc3 Ra3 42. Bd2 b5 43. Ne4 Ra2 44. Ke1 h3 45. Kd1 h2 46.
Ng3 b4 47. Ke2 b3 48. Kd3 b2 49. Kc2 b1=Q+ 50. Kxb1 Rxd2 51. Kc1 Rg2 52. Nh1
Rg1+ 53. Kd2 Rxh1 54. Kc2 Rg1 {Normal} 0-1